00309 2200121 4500001002100000005001500021035002400036090001700060245004200077260003100119300002700150990001000177YOGYA00000000007355220140823090559 0010-081400000073269 a690 Gun P(1) aPengantar Ilmu BangunancRudy Gunawan aYogyakartabKanisiusc1978 a83 hlm. ilusi.c21 cm. a057-P